| 000 | 01231aam a2200301 a 4500 | ||
|---|---|---|---|
| 999 |
_c324145 _d324145 |
||
| 003 | BLK | ||
| 005 | 20250623151713.0 | ||
| 008 | 180830b bul||||| |||| 00| 0 bul d | ||
| 020 | _a978-619-157-250-2 | ||
| 040 | _aBLK | ||
| 041 |
_aBUL _cBUL |
||
| 072 |
_9178275 _aН83 _xЧужда художествена литература Н |
||
| 080 |
_aАмериканска литература (на САЩ) _b821.111(73) _z821.111(73)-31 |
||
| 100 |
_a Джеймс, Джули _eпърви автор _91299 |
||
| 139 |
_a Джеймс, Джули _bД 50 |
||
| 245 |
_aНай-сексапилният мъж _cДжули Джеймс ; прев. Виолета Ненова |
||
| 250 | _a2. изд. | ||
| 260 |
_bИбис _c2018 _aСофия |
||
| 300 |
_a292 с. _c21 см |
||
| 380 | _aX | ||
| 490 |
_9206766 _aКолекция Избрани съвременни любовни романи |
||
| 500 | _aОриг. загл. Just the sexiest man alive/Julie James | ||
| 700 |
_9261837 _aНенова, Виолета _eпрев. от англ. |
||
| 852 |
_bП _cП 820(73)-31/Д 50 _aЦб 294808 |
||
| 942 |
_cKNG _2udc _n0 _094 |
||
| 999 | _d324145 | ||
| 944 |
_k30531 _lЦветелина Шанова |
||